00796 2200277 4500001002100000005001500021035002000036007000300056008004100059020002200100082001000122084001600132100001900148245011200167260004000279300003600319650003200355700001900387700001700406700001600423700001600439520002800455520001300483990001100496990001100507INLIS00000000000459220191212084853 a0010-1219000044ta191212 g 0 ind  a978-602-6293-51-0 a338.2 a338.2 FIR b0 aFIRDAUS, Ilyas1 aBatu Bara dan Ancaman Korupsi /cFirdaus Ilyas, Egi Primayoga, Mouna Wasef; editor, Ahmad Arif , Ade Irawan aMalang :bIntrans Publishing,c2018 axiv, 106 hlm. :bilus. ;c24 cm 4aEKONOMI PRODUKSI. BATU BARA0 aEGI, Primayoga0 aMOUNA, Wasef0 aAHMAD, Arif0 aADE, Irawan aBibliografi: hlm. 93-97 alampiran a7282 a a7282 b